| 000 | 00579nam a22002177a 4500 | ||
|---|---|---|---|
| 003 | LK-CoMWRAF | ||
| 005 | 20231115124930.0 | ||
| 008 | 231014b1983 |||||||| |||| 00| 0 eng d | ||
| 020 | _a0673153630 | ||
| 040 |
_aLK-CoMWRAF _dLK-CoMWRAF _eLK-CoMWRAF |
||
| 041 | _aeng | ||
| 082 |
_a808.51 _bPAT |
||
| 100 | _aPatton, Bobby R. | ||
| 245 | _aResponsible public speaking | ||
| 260 |
_aGlenview: _bScott Foresman, _c1983 |
||
| 300 |
_a246 p. : ill. ; 24 cm. _bIndex included |
||
| 650 | _aPUBLIC SPEAKING | ||
| 700 | _aGiffin, Kim | ||
| 700 | _aLinkugel, Wil A. | ||
| 942 | _cBK | ||
| 999 |
_c3853 _d3853 |
||